<?xml version="1.0" encoding="UTF-8"?>
<collection xmlns="http://www.loc.gov/MARC21/slim">
 <record>
  <leader>01753nam a22002057a 4500</leader>
  <controlfield tag="001">NCT_4_011009</controlfield>
  <controlfield tag="008">240618b        xxu||||| |||| 00| 0 vie d</controlfield>
  <datafield tag="999" ind1=" " ind2=" ">
   <subfield code="c">8503</subfield>
   <subfield code="d">8503</subfield>
  </datafield>
  <datafield tag="020" ind1=" " ind2=" ">
   <subfield code="a">9786043659931</subfield>
   <subfield code="c">139000</subfield>
  </datafield>
  <datafield tag="082" ind1="0" ind2="4">
   <subfield code="2">23rd ed.</subfield>
   <subfield code="a">302.2</subfield>
   <subfield code="b">J175</subfield>
  </datafield>
  <datafield tag="100" ind1="1" ind2=" ">
   <subfield code="a">Jachtchenko, Wladislaw</subfield>
  </datafield>
  <datafield tag="245" ind1="1" ind2="0">
   <subfield code="a">Thuật thao túng :</subfield>
   <subfield code="b">Góc tối ẩn sau mỗi câu nói</subfield>
   <subfield code="c">Wladislaw Jachtchenko; Vũ Trung Phi Yến (dịch)</subfield>
  </datafield>
  <datafield tag="260" ind1=" " ind2=" ">
   <subfield code="a">H.</subfield>
   <subfield code="b">Thế giới</subfield>
   <subfield code="c">2023</subfield>
  </datafield>
  <datafield tag="300" ind1=" " ind2=" ">
   <subfield code="a">339 tr.</subfield>
   <subfield code="c">20cm</subfield>
  </datafield>
  <datafield tag="520" ind1="3" ind2=" ">
   <subfield code="a">Đây là quyển sách chứa đựng đáp án mà bạn mong muốn. Thuật thao túng sẽ giúp bạn thuần thục các kỹ năng thuộc bộ môn &quot;nghệ thuật&quot; làm chủ cảm xúc, làm chủ vận mệnh, điều chỉnh tâm lý và đạt được thứ bạn muốn một cách tinh vi: thao túng tâm lý người đối diện, khiến họ hành động theo hướng ta mong đợi. Không những vậy, quyển sách còn giúp bạn nhìn nhận lại về định nghĩa thao túng, những tốt-xấu ẩn giấu đằng sau và giải đáp vấn đề đạo đức con người mà bạn luôn trăn trở khi thực hiện những hành vi này. Bật mí, con người khi vừa sinh ra đã làm một thao tác thao túng tâm lý người khác rồi đấy!</subfield>
  </datafield>
  <datafield tag="653" ind1=" " ind2=" ">
   <subfield code="a">Tham khảo</subfield>
  </datafield>
  <datafield tag="700" ind1="1" ind2=" ">
   <subfield code="a">Vũ Trung Phi Yến</subfield>
   <subfield code="e">Dịch</subfield>
  </datafield>
  <datafield tag="942" ind1=" " ind2=" ">
   <subfield code="2">ddc</subfield>
   <subfield code="c">BK</subfield>
  </datafield>
  <datafield tag="952" ind1=" " ind2=" ">
   <subfield code="0">0</subfield>
   <subfield code="1">0</subfield>
   <subfield code="2">ddc</subfield>
   <subfield code="4">0</subfield>
   <subfield code="6">302_200000000000000_J175</subfield>
   <subfield code="7">0</subfield>
   <subfield code="9">29196</subfield>
   <subfield code="a">000001</subfield>
   <subfield code="b">000001</subfield>
   <subfield code="d">2024-06-18</subfield>
   <subfield code="o">302.2 J175</subfield>
   <subfield code="p">TK.04321</subfield>
   <subfield code="r">2024-06-18</subfield>
   <subfield code="v">139000.00</subfield>
   <subfield code="w">2024-06-18</subfield>
   <subfield code="y">BK</subfield>
  </datafield>
  <datafield tag="980" ind1=" " ind2=" ">
   <subfield code="a">Thư viện Trường Đại học Nam Cần Thơ</subfield>
  </datafield>
 </record>
</collection>
